Desarrollo nacional e integración

Gespeichert in:
Bibliographische Detailangaben
1. Verfasser: González Vega, Claudio
Format: Text
Veröffentlicht: San Pedro de M. de O.: UCR. IICE
Tags: Tag hinzufügen
Keine Tags, Fügen Sie den ersten Tag hinzu!

MARC

LEADER 00000 a a2200000 04500
001 17894
003
040
090 |a 005700  
100 |a González Vega, Claudio  
245 |a Desarrollo nacional e integración  
260 |a San Pedro de M. de O.:   |b UCR. IICE  
300 |a 19 p.  
999 |c 13028  |d 13028